00547nam a22001577a 450000500170000001000150001702000260003203500140005803700130007208200130008510000320009824501020013026000530023227000770028530000270036220220823104142.0 aENG-134535 a9789391370527c595.00 aEN-118067 bDBAD/PUB a797.2092 aPrathigudupu, Madhavi Latha aSwimming Against the Tide:bTrue Story of Para Swimmer Madhavi Latha/cMadhavi Latha Prathigudupu aNew DelhibSage Publication Indian Pvt Ltdc2021 aB1/I-I Mohan Cooperative Industrial Area Mathura RoadbNew Delhie110044 axiii, 331p.c22cm(pbk)